Word Ladder: African Landmark Quiz Stats

 Plays Quiz Updated Nov 4, 2019

Score 0/12 Timer 01:00
0 Plays Today
Hint 4-Letter Answer % Correct
Center of the Earth (or an apple)CORE
98.4%
One who prepares foodCOOK
98.4%
Wine bottle stopperCORK
98.1%
Nemesis of Peter PanHOOK
97.2%
Covering for the head (as part of a sweatshirt)HOOD
96.6%
Chemical element with symbol Au GOLD
94.6%
Grasp or carry with hands or armsHOLD
92.3%
Second word of the landmark '____ of ____ _____'• GOOD •
90.3%
A hollow place in a solid body or surfaceHOLE
86.2%
To deal effectively with something difficultCOPE
83.6%
First word of the landmark: '____ of ____ _____'• CAPE •
81.6%
Third word of the landmark '____ of ____ ____'• HOPE •
80.5%

Today's Daily Dose

You're not logged in!

Compare scores with friends on all Sporcle quizzes.
OR
Log In

Sporcle TV

Today on Sporcle TV


Watch our educational content, quiz creation guides, and fun videos on Sporcle TV.

Show Comments

Extras

Top Quizzes Today


Score Distribution

Your Account Isn't Verified!

In order to create a playlist on Sporcle, you need to verify the email address you used during registration. Go to your Sporcle Settings to finish the process.

Report this User

Report this user for behavior that violates our Community Guidelines.

Details: